00466 2200181 4500001002100000005001500021008004100036020001800077035001900095041000700114082001000121090001800131100002400149245002300173260004100196300002000237650002700257INLIS00000000000933820241224113814241224||||||||| | ||| |||| || |  a979-514-010-8 0010-1224009338 aid0 a2x9.1 a2x9.1 ARR t/80 aAbdurrahman Arroisi00a30 Kisah Teladan 8 aBandungbpt. Remaja rosdakaryac2001 a144 hlm.; 18 cm 0aPendidikan Agama Islam